Optimální programování

Gespeichert in:
Bibliographische Detailangaben
1. Verfasser: Gabriel, Zdeněk
Körperschaft: Vysoká škola ekonomická v Praze. Fakulta řízení
Format: Buch
Sprache:Tschechisch
Veröffentlicht: Praha Státní pedagogické nakladatelství 1982
Tags: Tag hinzufügen
Keine Tags, Fügen Sie das erste Tag hinzu!

MARC

LEADER 00000nam a2200000 4500
001 c115958
005 20190201121701.6
041 0 |a cze 
044 |a CZ 
245 1 0 |a Optimální programování 
264 1 |a Praha  |b Státní pedagogické nakladatelství  |c 1982 
300 |a 263 s. 
100 1 |a Gabriel, Zdeněk 
710 2 |a Vysoká škola ekonomická v Praze. Fakulta řízení